Wittgenstein / (Record no. 110715)

MARC details
000 -LEADER
campo de control de longitud fija 00806nam a2200253 i 4500
001 - NÚMERO DE CONTROL
campo de control 110715
003 - IDENTIFICADOR DE NÚMERO DE CONTROL
campo de control ES-MaACL
005 - FECHA Y HORA DE LA ÚLTIMA TRANSACCIÓN
campo de control 20230906185136.0
007 - CAMPO FIJO DE DESCRIPCIÓN FÍSICA--INFORMACIÓN GENERAL
campo de control de longitud fija t|
008 - DATOS DE LONGITUD FIJA--INFORMACIÓN GENERAL
campo de control de longitud fija 070119s1990 sp ||||1| spa d
020 ## - NÚMERO INTERNACIONAL ESTÁNDAR DEL LIBRO
Número Internacional Estándar del Libro 84-7046-475-2
080 ## - NÚMERO DE LA CLASIFICACIÓN DECIMAL UNIVERSAL
Número de la Clasificación Decimal Universal 1 Wittgenstein
100 1# - ENTRADA PRINCIPAL--NOMBRE DE PERSONA
Nombre de persona Prades Celma, José Luis.
9 (RLIN) 93597
245 10 - MENCIÓN DEL TÍTULO
Título Wittgenstein /
Mención de responsabilidad, etc. José Luis Prades Celma, Vicente Sanfélix Vidarte.
260 ## - PUBLICACIÓN, DISTRIBUCIÓN, ETC.
Lugar de publicación, distribución, etc. Madrid :
Nombre del editor, distribuidor, etc. Cincel,
Fecha de publicación, distribución, etc. 1990.
300 ## - DESCRIPCIÓN FÍSICA
Extensión 238 p. ;
Dimensiones 19 cm.
490 1# - MENCIÓN DE SERIE
Mención de serie Historia de la filosofía ;
Designación de volumen o secuencia 46
504 ## - NOTA DE BIBLIOGRAFÍA, ETC.
Nota de bibliografía, etc. Bibliografía p. 231-238. Indice.
600 14 - PUNTO DE ACCESO ADICIONAL DE MATERIA--NOMBRE DE PERSONA
Nombre de persona Wittgenstein, Ludwig-
Subdivisión general Crítica e interpretación.
9 (RLIN) 117185
700 1# - ENTRADA AGREGADA--NOMBRE PERSONAL
Nombre de persona Sanfélix, Vicente.
9 (RLIN) 103134
830 0# - PUNTO DE ACCESO ADICIONAL DE SERIE-TÍTULO UNIFORME
Título uniforme Historia de la filosofía ;
Designación de volumen o secuencia 46
9 (RLIN) 181726
852 ## - LOCALIZACIÓN
Ubicación ES-MaACL
Número de control de estantería L-15613
Holdings
Estatus retirado Estado de pérdida Estado de daño No para préstamo Biblioteca de origen Biblioteca actual Ubicación en estantería Fecha de adquisición Fuente de adquisición Total de préstamos Signatura topográfica completa Código de barras Visto por última vez Precio de reemplazo Tipo de ítem Koha
        Biblioteca del Ateneo de Madrid Biblioteca del Ateneo de Madrid Depósito 2 17/01/2008     L-15613 1115512 23/02/2023 23/02/2023 Libro impreso